| 000 | 00449nam a2200145Ia 4500 | ||
|---|---|---|---|
| 005 | 20250424120234.0 | ||
| 008 | 250424s9999 xx 000 0 und d | ||
| 022 | _a16814835 | ||
| 050 | _aHF 5657 .E44/ | ||
| 245 | 0 | _aElectronic journal of information systems in developing countries | |
| 260 | _c2023 | ||
| 300 | _a22 p. :ill. ; 28 cm. | ||
| 650 | _aAccounting--Data processing periodicals Management Information System periodicals | ||
| 942 | _cSR | ||
| 999 |
_c38175 _d38175 |
||